00412nam a22001217a 4500003000500000038001800005082000800023100002400031245010800055264003300163700003600196856005800232NUST aNusrat Nadeem a200 a Arwa Zainab Irfan aAnalyzing the Impact of Short-Form Video Features on Purchase Intentions of Users/cIrfan Arwa Zainab  aIslamabad:bNBS NUST.c2026. aSupervisor: Dr. M. Adnan Waseem u http://10.250.8.41:8080/xmlui/handle/123456789/57393